<?xml version="1.0" encoding="UTF-8"?>
<record
    xmlns:xsi="http://www.w3.org/2001/XMLSchema-instance"
    xsi:schemaLocation="http://www.loc.gov/MARC21/slim http://www.loc.gov/standards/marcxml/schema/MARC21slim.xsd"
    xmlns="http://www.loc.gov/MARC21/slim">

  <leader>01038naa a2200193 i 4500</leader>
  <controlfield tag="001">9110</controlfield>
  <controlfield tag="003">KOSZ 005</controlfield>
  <controlfield tag="005">20180320090316.0</controlfield>
  <controlfield tag="008">180317s2010    pl     f     |000 0 pol  </controlfield>
  <datafield tag="040" ind1=" " ind2=" ">
    <subfield code="a">KOSZ 005/HR</subfield>
    <subfield code="c">KOSZ 005/HR</subfield>
  </datafield>
  <datafield tag="041" ind1="0" ind2=" ">
    <subfield code="a">pol</subfield>
    <subfield code="b">eng</subfield>
  </datafield>
  <datafield tag="100" ind1=" " ind2=" ">
    <subfield code="a">ZAWADZKA, Danuta.</subfield>
    <subfield code="d">2007-2011.</subfield>
    <subfield code="b">Politechnika Koszali&#x144;ska - Instytut Ekonomii i Zarz&#x105;dzania,</subfield>
    <subfield code="c">Zak&#x142;ad Finans&#xF3;w</subfield>
  </datafield>
  <datafield tag="245" ind1="1" ind2="0">
    <subfield code="a">Ocena wywo&#x142;anych czynnikami pozacenowymi zmian prawdopodobie&#x144;stwa ubiegania si&#x119; o kredyt bankowy przez ma&#x142;e przedsi&#x119;biorstwa /</subfield>
    <subfield code="c">Danuta Zawadzka, Roman Ardan.</subfield>
  </datafield>
  <datafield tag="546" ind1=" " ind2=" ">
    <subfield code="a">Streszcz. ang.</subfield>
  </datafield>
  <datafield tag="650" ind1=" " ind2="0">
    <subfield code="a">Przedsi&#x119;biorstwa ma&#x142;e i &#x15B;rednie.</subfield>
  </datafield>
  <datafield tag="773" ind1="0" ind2=" ">
    <subfield code="i">W :</subfield>
    <subfield code="t">Efektywno&#x15B;&#x107; - rozwa&#x17C;ania nad istot&#x105; i pomiarem / red. nauk. Tadeusz Dudycz, Gra&#x17C;yna Osbert-Pociecha. -</subfield>
    <subfield code="d">Wroc&#x142;aw : Wydaw. Uniwersytetu Ekonomicznego, 2010. -</subfield>
    <subfield code="g">s. 603-615</subfield>
    <subfield code="z">9788376950716</subfield>
    <subfield code="k">Prace Naukowe Uniwersytetu Ekonomicznego we Wroc&#x142;awiu ; nr 144</subfield>
  </datafield>
  <datafield tag="700" ind1=" " ind2=" ">
    <subfield code="a">ARDAN, Roman.</subfield>
    <subfield code="b">Politechnika Koszali&#x144;ska - Instytut Ekonomii i Zarz&#x105;dzania</subfield>
  </datafield>
  <datafield tag="942" ind1=" " ind2=" ">
    <subfield code="2">UKD</subfield>
    <subfield code="c">ROZ</subfield>
  </datafield>
  <datafield tag="999" ind1=" " ind2=" ">
    <subfield code="c">9110</subfield>
    <subfield code="d">9110</subfield>
  </datafield>
</record>
